Principles of macroeconomics (Record no. 14326)

MARC details
000 -LEADER
fixed length control field 00461nam a22001697a 4500
003 - CONTROL NUMBER IDENTIFIER
control field URS
005 - DATE AND TIME OF LATEST TRANSACTION
control field 20220114171625.0
008 - FIXED-LENGTH DATA ELEMENTS--GENERAL INFORMATION
fixed length control field 170324b xxu||||| |||| 00| 0 eng d
010 ## - LIBRARY OF CONGRESS CONTROL NUMBER
LC control number 9767303
020 ## - INTERNATIONAL STANDARD BOOK NUMBER
International Standard Book Number 003024501
050 ## - LIBRARY OF CONGRESS CALL NUMBER
Classification number HB172.5
Item number M31
100 ## - MAIN ENTRY--PERSONAL NAME
Personal name Mankiw, N. Gregory
Relator code author
245 ## - TITLE STATEMENT
Title Principles of macroeconomics
Statement of responsibility, etc. N. Gregory Mankiw
260 ## - PUBLICATION, DISTRIBUTION, ETC.
Place of publication, distribution, etc. Forth Worth:
Name of publisher, distributor, etc. The Dryden Press,
Date of publication, distribution, etc. c1998
300 ## - PHYSICAL DESCRIPTION
Extent xxxiv, 812 pages;
Dimensions 26 cm.
942 ## - ADDED ENTRY ELEMENTS (KOHA)
Koha item type Foreign Books
Source of classification or shelving scheme Library of Congress Classification
Holdings
Withdrawn status Source of classification or shelving scheme Damaged status Not for loan Collection code Home library Current library Shelving location Date acquired Total Checkouts Full call number Barcode Date last seen Price effective from Koha item type
  Library of Congress Classification     Non-fiction Binangonan College Library Binangonan College Library Foreign Section 06/07/2023   HB172.5 M31 URSBIN-055 03/14/2016 03/14/2016 Foreign Books

University of Rizal System
Email us at univlibservices@urs.edu.ph

Visit our Website www.urs.edu.ph/library